[Event "Tula Rjazanov Memorial"]
[Site "Tula"]
[Date "2016.02.12"]
[Round "7"]
[White "Elizavetenkov, Sergey"]
[Black "Kazakov, Nikolay"]
[Result "0-1"]
[WhiteElo "1914"]
[BlackElo "1976"]
[PlyCount "64"]
[EventDate "2016.02.05"]
[EventType "swiss"]
[EventRounds "9"]
[EventCountry "RUS"]
[SourceTitle "CBM 171 Extra"]
[Source "ChessBase"]
[SourceDate "2016.04.26"]
[SourceVersion "1"]
[SourceVersionDate "2016.04.26"]
[SourceQuality "1"]

1. e4 e5 2. Nf3 Nc6 3. d4 d6 4. d5 Nb8 5. Nc3 Nf6 6. Bg5 Be7 7. Bb5+ c6 8. dxc6 Nxc6 9. 0-0 0-0 10. Qe2 Bg4 11. h3 Bh5 12. Rad1 Nd4 13. Qd3 Nxf3+ 14. gxf3 a6 15. Ba4 Ne8 16. Bxe7 Qxe7 17. Rfe1 Qh4 18. Kf1 Qxh3+ 19. Ke2 Nf6 20. Rg1 Rad8 21. Rg3 Qh4 22. Rdg1 Bg6 23. Bb3 Nh5 24. Qe3 Nxg3+ 25. fxg3 Qh3 26. Nd5 Kh8 27. Kd2 f5 28. Kc1 fxe4 29. fxe4 Rf1+ 30. Rxf1 Qxf1+ 31. Kd2 Rf8 32. Kc3 Rf3 0-1

[Event "Tula Rjazanov Memorial"]
[Site "Tula"]
[Date "2016.02.10"]
[Round "5"]
[White "Elizavetenkov, Sergey"]
[Black "Berenbein, Alexander"]
[Result "0-1"]
[WhiteElo "1914"]
[BlackElo "2115"]
[PlyCount "118"]
[EventDate "2016.02.05"]
[EventType "swiss"]
[EventRounds "9"]
[EventCountry "RUS"]
[SourceTitle "CBM 171 Extra"]
[Source "ChessBase"]
[SourceDate "2016.04.26"]
[SourceVersion "1"]
[SourceVersionDate "2016.04.26"]
[SourceQuality "1"]

1. d4 Nf6 2. c4 g6 3. g3 Bg7 4. Bg2 d5 5. cxd5 Nxd5 6. Nf3 0-0 7. 0-0 Nc6 8. Nc3 Nxc3 9. bxc3 e5 10. Be3 Re8 11. Rc1 exd4 12. cxd4 Be6 13. Qd2 Bd5 14. Rfd1 Qe7 15. Ng5 Rad8 16. Bxd5 Rxd5 17. Nf3 Nxd4 18. Nxd4 c5 19. Qa5 b6 20. Nc6 Rxd1+ 21. Rxd1 Qxe3 22. fxe3 bxa5 23. Nxa5 Rxe3 24. Rd8+ Bf8 25. Kf2 Ra3 26. Nc6 Kg7 27. Rd2 c4 28. Rc2 Bc5+ 29. Ke1 c3 30. Kd1 Kf6 31. e4 Ke6 32. Ke2 f5 33. exf5+ gxf5 34. Kd3 Kd5 35. Nd8 Bd4 36. Nf7 Bf6 37. Nh6 Ke6 38. Re2+ Be5 39. g4 c2+ 40. Kxc2 Rxa2+ 41. Kd3 Rxe2 42. gxf5+ Kf6 43. Kxe2 Bf4 44. Ng4+ Kxf5 45. h3 a5 46. Nf2 Kg5 47. Nd3 Bd6 48. Nb2 Kh4 49. Nc4 a4 50. Nxd6 a3 51. Nf5+ Kxh3 52. Nd4 a2 53. Nc2 Kg2 54. Ne3+ Kg1 55. Nc2 h5 56. Kf3 Kf1 57. Kg3 Ke2 58. Kh4 Kd2 59. Na1 Kc3 0-1

[Event "Novomoskovsk"]
[Site "Novomoskovsk"]
[Date "2010.08.21"]
[Round "8"]
[White "Elizavetenkov, Sergey"]
[Black "Arkhipov, Vladimir P"]
[Result "1-0"]
[WhiteElo "2079"]
[BlackElo "2097"]
[PlyCount "107"]
[EventDate "2010.08.21"]
[EventType "tourn"]
[EventRounds "13"]
[EventCountry "RUS"]
[SourceTitle "EXT 2022"]
[Source "ChessBase"]
[SourceDate "2021.10.06"]
[SourceVersion "1"]
[SourceVersionDate "2021.10.06"]
[SourceQuality "1"]

1. d4 Nf6 2. c4 e6 3. Nc3 d5 4. cxd5 exd5 5. Bf4 c6 6. Nf3 Be7 7. Qc2 0-0 8. e3 Nbd7 9. Bd3 c5 10. g4 cxd4 11. exd4 g6 12. 0-0-0 Nb6 13. Ne5 Be6 14. f3 Rc8 15. Kb1 Nbd7 16. h4 Nxe5 17. Bxe5 Nd7 18. Bf4 Bf6 19. h5 Bg7 20. hxg6 fxg6 21. Qh2 Nf6 22. Be5 Rf7 23. Ne2 Qd7 24. Nf4 a6 25. Rde1 Rc6 26. g5 Nh5 27. Nxh5 gxh5 28. Bxg7 Rxg7 29. Qxh5 Rc8 30. g6 hxg6 31. Bxg6 Kf8 32. Rxe6 Qxe6 33. Bf5 Qe8 34. Qh8+ Rg8 35. Qf6+ Qf7 36. Qxf7+ Kxf7 37. Bxc8 Rxc8 38. Rh7+ Ke6 39. Rxb7 Rc4 40. Rb6+ Kd7 41. Rxa6 Rxd4 42. Kc2 Rf4 43. Ra3 Kd6 44. Rc3 d4 45. Rd3 Kc5 46. Ra3 Kc4 47. Ra4+ Kc5 48. Ra3 Kc4 49. Kd2 Rh4 50. b3+ Kc5 51. Ra5+ Kb4 52. Ra4+ Kc5 53. a3 Rh1 54. Ra5+ 1-0

[Event "Novomoskovsk"]
[Site "Novomoskovsk"]
[Date "2010.08.21"]
[Round "2"]
[White "Elizavetenkov, Sergey"]
[Black "Babaoglu, Cumhur"]
[Result "1/2-1/2"]
[WhiteElo "2079"]
[BlackElo "2085"]
[PlyCount "84"]
[EventDate "2010.08.21"]
[EventType "tourn"]
[EventRounds "13"]
[EventCountry "RUS"]
[SourceTitle "EXT 2022"]
[Source "ChessBase"]
[SourceDate "2021.10.06"]
[SourceVersion "1"]
[SourceVersionDate "2021.10.06"]
[SourceQuality "1"]

1. d4 Nf6 2. c4 e6 3. Nc3 d5 4. cxd5 exd5 5. Bg5 Be7 6. e3 Nbd7 7. Qc2 c6 8. Bd3 0-0 9. Nf3 Re8 10. 0-0 h6 11. Bf4 Nf8 12. h3 Be6 13. Ne5 N6d7 14. Bh2 Nxe5 15. dxe5 f6 16. exf6 Bxf6 17. Rad1 Qa5 18. e4 d4 19. Na4 Nd7 20. Bd6 b5 21. Nc5 Nxc5 22. Qxc5 Qb6 23. f4 Qxc5 24. Bxc5 Bxa2 25. Ra1 Bf7 26. e5 Be7 27. Bxa7 Bb4 28. Be4 d3 29. Kh2 Re7 30. Be3 Rxa1 31. Rxa1 d2 32. Bxc6 Bb3 33. Bf3 Rd7 34. Bd1 Bxd1 35. Rxd1 Rd3 36. Bf2 Kf7 37. Kg1 Ke6 38. Kf1 Rb3 39. Bd4 Rd3 40. Bf2 Rb3 41. Bd4 Rd3 42. Bf2 Kf5 1/2-1/2

[Event "Novomoskovsk"]
[Site "Novomoskovsk"]
[Date "2010.08.21"]
[Round "3"]
[White "Krasnov, Yury A"]
[Black "Elizavetenkov, Sergey"]
[Result "1-0"]
[WhiteElo "2116"]
[BlackElo "2079"]
[PlyCount "69"]
[EventDate "2010.08.21"]
[EventType "tourn"]
[EventRounds "13"]
[EventCountry "RUS"]
[SourceTitle "EXT 2022"]
[Source "ChessBase"]
[SourceDate "2021.10.06"]
[SourceVersion "1"]
[SourceVersionDate "2021.10.06"]
[SourceQuality "1"]

1. e4 e5 2. Nf3 Nc6 3. Bc4 Bc5 4. d3 Nf6 5. c3 d6 6. h3 a6 7. Bb3 0-0 8. Nbd2 Ne7 9. g4 Ng6 10. Nf1 c6 11. Ng3 Be6 12. Bc2 d5 13. Qe2 b5 14. b3 b4 15. g5 dxe4 16. dxe4 Nd7 17. c4 f6 18. Nf5 Nf4 19. Bxf4 exf4 20. 0-0-0 Qc7 21. gxf6 Rxf6 22. Rhg1 Bf8 23. N5d4 Ne5 24. Rg5 Nf7 25. Rh5 Bc8 26. e5 Rh6 27. Rxh6 Nxh6 28. Qe4 g6 29. Rg1 Rb8 30. c5 Bxc5 31. Qxf4 Qg7 32. Nxc6 Rb5 33. Ng5 Nf5 34. Qc4+ Kf8 35. Rd1 1-0

[Event "Novomoskovsk"]
[Site "Novomoskovsk"]
[Date "2010.08.21"]
[Round "6"]
[White "Sushkov, Alexey"]
[Black "Elizavetenkov, Sergey"]
[Result "0-1"]
[WhiteElo "2019"]
[BlackElo "2083"]
[PlyCount "62"]
[EventDate "2010.08.21"]
[EventType "tourn"]
[EventRounds "13"]
[EventCountry "RUS"]
[SourceTitle "EXT 2022"]
[Source "ChessBase"]
[SourceDate "2021.10.06"]
[SourceVersion "1"]
[SourceVersionDate "2021.10.06"]
[SourceQuality "1"]

1. d4 e6 2. Nf3 b6 3. e4 Bb7 4. Bd3 Nf6 5. Nbd2 c5 6. c3 Nc6 7. Qe2 cxd4 8. cxd4 Nb4 9. a3 Nxd3+ 10. Qxd3 a5 11. Ng1 d5 12. e5 Nd7 13. Ne2 f6 14. Nf3 fxe5 15. Nxe5 Nxe5 16. dxe5 Bc5 17. Nd4 Ba6 18. Nb5 0-0 19. 0-0 Qh4 20. Be3 Qa4 21. Nc3 Bxd3 22. Nxa4 Bxe3 23. fxe3 Bxf1 24. Rxf1 Rxf1+ 25. Kxf1 Rc8 26. Ke2 Rc2+ 27. Kd3 Rxg2 28. h4 Kf7 29. Kc3 b5 30. Nc5 Rg4 31. b3 Rxh4 0-1

[Event "Tula Sinitsin Memorial"]
[Site "Tula"]
[Date "2010.04.??"]
[Round "6"]
[White "Elizavetenkov, Sergey"]
[Black "Shibaeva, Lilia"]
[Result "1/2-1/2"]
[WhiteElo "2213"]
[BlackElo "2019"]
[PlyCount "41"]
[EventDate "2010.04.??"]
[EventType "tourn"]
[EventRounds "17"]
[EventCountry "RUS"]
[SourceTitle "EXT 2012"]
[Source "ChessBase"]
[SourceDate "2011.11.24"]
[SourceVersion "1"]
[SourceVersionDate "2011.11.24"]
[SourceQuality "1"]

1. e4 e5 2. Nf3 Nc6 3. d4 exd4 4. Nxd4 Nxd4 5. Qxd4 d6 6. Nc3 Nf6 7. Bg5 Be7 8. 0-0-0 0-0 9. e5 dxe5 10. Qxe5 Bd6 11. Bxf6 Qxf6 12. Qxf6 gxf6 13. Nd5 Kg7 14. Bd3 Be6 15. Ne3 Rad8 16. Nf5+ Bxf5 17. Bxf5 Rfe8 18. Bd3 f5 19. g3 f4 20. c3 h5 21. Kc2 1/2-1/2

[Event "Tula Sinitsin Memorial"]
[Site "Tula"]
[Date "2010.04.??"]
[Round "13"]
[White "Grebenshikova, Tatyana"]
[Black "Elizavetenkov, Sergey"]
[Result "0-1"]
[WhiteElo "1918"]
[BlackElo "2213"]
[PlyCount "30"]
[EventDate "2010.04.??"]
[EventType "tourn"]
[EventRounds "17"]
[EventCountry "RUS"]
[SourceTitle "EXT 2012"]
[Source "ChessBase"]
[SourceDate "2011.11.24"]
[SourceVersion "1"]
[SourceVersionDate "2011.11.24"]
[SourceQuality "1"]

1. e4 e5 2. d4 exd4 3. Bc4 Nf6 4. e5 d5 5. exd6 Bxd6 6. Ne2 c5 7. c3 Nc6 8. 0-0 0-0 9. cxd4 Nxd4 10. Nxd4 cxd4 11. Qxd4 Bxh2+ 12. Kxh2 Qxd4 13. Bb3 Ng4+ 14. Kg1 Qe5 15. g3 Qh5 0-1

[Event "Tula Sinitsin Memorial"]
[Site "Tula"]
[Date "2010.04.??"]
[Round "15"]
[White "Kazakov, Nikolay"]
[Black "Elizavetenkov, Sergey"]
[Result "1/2-1/2"]
[WhiteElo "1978"]
[BlackElo "2213"]
[PlyCount "39"]
[EventDate "2010.04.??"]
[EventType "tourn"]
[EventRounds "17"]
[EventCountry "RUS"]
[SourceTitle "EXT 2012"]
[Source "ChessBase"]
[SourceDate "2011.11.24"]
[SourceVersion "1"]
[SourceVersionDate "2011.11.24"]
[SourceQuality "1"]

1. e4 e5 2. f4 d5 3. exd5 e4 4. d3 Nf6 5. dxe4 Nxe4 6. Be3 Bd6 7. Nf3 0-0 8. Bc4 Nd7 9. 0-0 Re8 10. Re1 Nef6 11. Nc3 Ng4 12. Qd3 Nxe3 13. Rxe3 Rxe3 14. Qxe3 Bc5 15. Nd4 Nb6 16. Bb3 Bg4 17. Ne4 Nxd5 18. Bxd5 Qxd5 19. Nxc5 Qxc5 20. Re1 1/2-1/2